Capitals by Flags of South America Quiz - Statistics

General Stats
  • This quiz has been taken 93 times
  • The average score is 10 of 12
Answer Stats
Picture Answer % Correct
Brasilia
98%
Buenos Aires
96%
Santiago
94%
Bogota
88%
Lima
88%
Caracas
79%
La Paz or Sucre
77%
Quito
77%
Asuncion
73%
Georgetown
73%
Montevideo
73%
Paramaribo
63%
No matching quizzes found
Score Distribution
Percent of People with Each Score
Percentile by Number Answered
Your Score History
You have not taken this quiz